00321nam a2200121Ia 4500008004100000041000800041082001400049100001800063245004200081260004000123300001900163999001700182241015s9999 xx 000 0 und d aeng a658.3 SNE aSnell/ Morris aManaging Human Resources With Mindtap bCengage Learning IndiaaDehlic2019 a640;. P. 25 cm c41790d41790